Normal view
MARC view
Entry Personal Name
001 - CONTROL NUMBER
- control field: 28637
003 - CONTROL NUMBER IDENTIFIER
- control field: ARRUPE
005 - DATE AND TIME OF LATEST TRANSACTION
- control field: 20170208114036.0
008 - FIXED-LENGTH DATA ELEMENTS
- fixed length control field: 170208|| aca||aabn | a|a d
040 ## - CATALOGING SOURCE
- Original cataloging agency: ARRUPE
- Transcribing agency: ARRUPE
100 ## - HEADING--PERSONAL NAME
- Personal name: Dagli Orti, Giovanni.
670 ## - SOURCE DATA FOUND
- Source citation: Work cat.: (ARRUPE)0: Rigaux, Dominique. 28629, Un banquet pour l'éternité :, c1997.